[Event "Open Bicentenario Móstoles 1808"]
[Site "Móstoles ESP"]
[Date "2008.05.20"]
[Round "1.27"]
[White "Martinez Miura, Enrique"]
[Black "Hernandez Fernandez, Enrique"]
[Result "0-1"]
[WhiteElo "1761"]
[BlackElo "2087"]
[PlyCount "88"]
[EventDate "2008.05.20"]
[EventType "swiss"]
[EventRounds "1"]
[EventCountry "ESP"]
[Source "lmi"]
[SourceDate "2008.05.20"]

1. e4 c5 2. c4 g6 3. Nc3 Bg7 4. g3 e5 5. Bg2 Ne7 6. Nge2 Nbc6 7. O-O O-O 8. d3
d6 9. a3 Be6 10. Bd2 h6 11. Rb1 Qd7 12. Nd5 Bg4 13. f3 Be6 14. Bxh6 Nxd5 15.
cxd5 Bxh6 16. dxe6 Be3+ 17. Kh1 Qxe6 18. Nc3 Ne7 19. Qe2 Bd4 20. Nb5 Rfc8 21.
Rbc1 Nc6 22. f4 a6 23. f5 Qd7 24. Nc3 Bxc3 25. bxc3 Kg7 26. Qg4 Rc7 27. f6+ Kg8
28. Qh4 Qd8 29. g4 Ne7 30. Rf3 g5 31. Qxg5+ Ng6 32. Rcf1 Kf8 33. Rh3 Ke8 34.
Rh7 Qc8 35. h4 Qe6 36. h5 Nf8 37. Rh8 Kd7 38. Qg7 Rcc8 39. g5 Kc6 40. d4 cxd4
41. cxd4 Kb6 42. d5 Qg4 43. Rb1+ Ka5 44. Rb2 Rc1+ 0-1

[Event "Open Bicentenario Móstoles 1808"]
[Site "Móstoles ESP"]
[Date "2008.05.20"]
[Round "1.28"]
[White "Vazquez Gonzalez, Jesus"]
[Black "Ramos Garcia, Raul"]
[Result "1-0"]
[WhiteElo "2079"]
[BlackElo "1753"]
[PlyCount "93"]
[EventDate "2008.05.20"]
[EventType "swiss"]
[EventRounds "1"]
[EventCountry "ESP"]
[Source "lmi"]
[SourceDate "2008.05.20"]

1. e4 e6 2. d3 d5 3. Nd2 c5 4. Ngf3 Nc6 5. g3 Nf6 6. Bg2 Bd6 7. O-O O-O 8. Re1
dxe4 9. dxe4 e5 10. Nc4 Bc7 11. Qxd8 Rxd8 12. Bg5 Be6 13. Bxf6 gxf6 14. Ne3 Rd6
15. c4 Nd4 16. Nxd4 Rxd4 17. Red1 Rad8 18. Nd5 Bxd5 19. Rxd4 exd4 20. exd5 Re8
21. Kf1 Kf8 22. Re1 Rxe1+ 23. Kxe1 Ke7 24. Ke2 Kd6 25. Be4 h6 26. f4 b6 27. Kf3
Ke7 28. a3 a5 29. Ke2 Kd6 30. Bf5 b5 31. Kd3 b4 32. Bg4 Ke7 33. Ke4 Kf8 34. Bd1
Kg7 35. h4 Kg6 36. h5+ Kg7 37. g4 Bd6 38. Bc2 Bc7 39. Bd3 Bd6 40. Kf5 Bc7 41.
g5 fxg5 42. fxg5 hxg5 43. Kxg5 f6+ 44. Kf5 Be5 45. Ke6 bxa3 46. bxa3 a4 47. d6
1-0

[Event "Open Bicentenario Móstoles 1808"]
[Site "Móstoles ESP"]
[Date "2008.05.20"]
[Round "1.29"]
[White "Cortijo Manso, Luis"]
[Black "Quintero Torres, Pedro"]
[Result "0-1"]
[WhiteElo "1701"]
[BlackElo "2078"]
[PlyCount "84"]
[EventDate "2008.05.20"]
[EventType "swiss"]
[EventRounds "1"]
[EventCountry "ESP"]
[Source "lmi"]
[SourceDate "2008.05.20"]

1. e4 c5 2. Nf3 e6 3. d4 cxd4 4. Nxd4 Nc6 5. Be2 Nf6 6. Nc3 Bb4 7. Qd3 a6 8.
O-O Qc7 9. Bd2 Be7 10. a3 O-O 11. Nf3 b5 12. b4 Bb7 13. Qe3 Ng4 14. Qf4 Nge5
15. Be3 Nxf3+ 16. Qxf3 Bf6 17. Bf4 Be5 18. Bxe5 Nxe5 19. Qg3 Rac8 20. f4 Qxc3
21. Qxc3 Rxc3 22. fxe5 Bxe4 23. Bd3 Bxd3 24. cxd3 Rfc8 25. d4 h5 26. Rfd1 Rc2
27. h3 Re2 28. Rac1 Rcc2 29. Rxc2 Rxc2 30. Rd3 Kf8 31. h4 Ke7 32. Kf1 d6 33.
Rf3 dxe5 34. dxe5 Rc4 35. g3 Re4 36. Rc3 Rxe5 37. Rc6 Re3 38. Rxa6 Rxg3 39. a4
bxa4 40. Rxa4 Rg4 41. Ra7+ Kf6 42. b5 Rb4 0-1

[Event "Open Bicentenario Móstoles 1808"]
[Site "Móstoles ESP"]
[Date "2008.05.20"]
[Round "1.30"]
[White "Vukotic Jovsic, Dragan"]
[Black "Prieto Velasco, Rafael"]
[Result "1-0"]
[WhiteElo "2073"]
[BlackElo "1568"]
[PlyCount "79"]
[EventDate "2008.05.20"]
[EventType "swiss"]
[EventRounds "1"]
[EventCountry "ESP"]
[Source "lmi"]
[SourceDate "2008.05.20"]

1. d4 f5 2. Bf4 Nf6 3. Nf3 g6 4. e3 Bg7 5. Be2 d6 6. c4 O-O 7. h3 Na6 8. Nc3 c5
9. O-O Bd7 10. a3 b6 11. Qc2 Nc7 12. b4 cxd4 13. exd4 Rc8 14. Qb3 Kh8 15. Rfe1
Ne6 16. Bc1 Ne4 17. Bb2 N6g5 18. Nxe4 Nxe4 19. d5 Qe8 20. Bxg7+ Kxg7 21. Qb2+
Kg8 22. Bd3 Nf6 23. Ng5 h6 24. Ne6 Bxe6 25. Rxe6 Qf7 26. Qd2 Kg7 27. Rae1 Rfe8
28. R1e2 Rc7 29. Qe1 Ng8 30. g4 Rcc8 31. gxf5 gxf5 32. f4 Kf8 33. Qh4 Qg7+ 34.
Rg2 Qd4+ 35. Kh2 Qxd3 36. Rxh6 Rxc4 37. Rxg8+ Kxg8 38. Rg6+ Kf8 39. Qh6+ Kf7
40. Qg7# 1-0

[Event "Open Bicentenario Móstoles 1808"]
[Site "Móstoles ESP"]
[Date "2008.05.21"]
[Round "2.1"]
[White "Lopez de Turiso, Jose Angel"]
[Black "Sanchez, Joseph"]
[Result "0-1"]
[WhiteElo "2153"]
[BlackElo "2507"]
[PlyCount "52"]
[EventDate "2008.05.20"]
[EventType "swiss"]
[EventRounds "1"]
[EventCountry "ESP"]
[Source "lmi"]
[SourceDate "2008.05.20"]

1. d4 Nf6 2. c4 e5 3. Nf3 exd4 4. Nxd4 Nc6 5. Nxc6 bxc6 6. g3 Bb4+ 7. Bd2 Qe7
8. a3 Qe4 9. f3 Bxd2+ 10. Nxd2 Qd4 11. Qb3 O-O 12. Rc1 a5 13. Qc3 Qc5 14. e3
Re8 15. Kf2 Rb8 16. Bh3 Ba6 17. Rc2 d5 18. Nb3 Qb6 19. Nxa5 dxc4 20. Nxc4 Bxc4
21. Qxc4 Qxe3+ 22. Kg2 Nd5 23. Qxc6 Qd3 24. Bd7 Re2+ 25. Rxe2 Qxe2+ 26. Kh3
Qxf3 0-1

[Event "Open Bicentenario Móstoles 1808"]
[Site "Móstoles ESP"]
[Date "2008.05.21"]
[Round "2.2"]
[White "Roa Alonso, Santiago"]
[Black "Salcedo Tornero, Pablo"]
[Result "1-0"]
[WhiteElo "2482"]
[BlackElo "2162"]
[PlyCount "73"]
[EventDate "2008.05.20"]
[EventType "swiss"]
[EventRounds "1"]
[EventCountry "ESP"]
[Source "lmi"]
[SourceDate "2008.05.20"]

1. e4 d6 2. d4 Nf6 3. Nc3 g6 4. g3 Bg7 5. Bg2 O-O 6. Nge2 Nc6 7. h3 e5 8. Be3
Re8 9. O-O Bd7 10. a4 Nb4 11. a5 exd4 12. Nxd4 a6 13. Qd2 c5 14. Nb3 Bc6 15.
Rad1 Nxe4 16. Nxe4 Bxe4 17. Bxe4 Rxe4 18. Nxc5 Rxe3 19. Qxe3 Qc8 20. Ne4 Qxh3
21. Qb3 d5 22. Nc5 Be5 23. Rfe1 Bd6 24. Nxb7 Bf8 25. c3 Rb8 26. cxb4 Rxb7 27.
Re8 Qd7 28. Qxd5 Qxd5 29. Rxd5 Kg7 30. Ra8 Rxb4 31. Rxa6 Rxb2 32. Ra7 h5 33.
Rdd7 Bc5 34. Rxf7+ Kh6 35. Rac7 Bd6 36. Rcd7 Bc5 37. Rh7+ 1-0

[Event "Open Bicentenario Móstoles 1808"]
[Site "Móstoles ESP"]
[Date "2008.05.21"]
[Round "2.3"]
[White "Sanchez Naranjo, Jose Manuel"]
[Black "Moreno Ruiz, Javier"]
[Result "0-1"]
[WhiteElo "2134"]
[BlackElo "2477"]
[PlyCount "48"]
[EventDate "2008.05.20"]
[EventType "swiss"]
[EventRounds "1"]
[EventCountry "ESP"]
[Source "lmi"]
[SourceDate "2008.05.20"]

1. e4 e6 2. d4 d5 3. Nd2 Nf6 4. e5 Nfd7 5. Bd3 c5 6. c3 Nc6 7. Ngf3 Be7 8. O-O
a5 9. dxc5 Ndxe5 10. Nxe5 Nxe5 11. Bc2 Bxc5 12. Qe2 Nc6 13. Nf3 Be7 14. Rd1 O-O
15. c4 Bf6 16. cxd5 exd5 17. Bb3 Be6 18. Qb5 Ra6 19. Be3 d4 20. Bxe6 fxe6 21.
Qc4 Ne5 22. Nxe5 Bxe5 23. Rd2 Rc6 24. Qb3 Qf6 0-1

[Event "Open Bicentenario Móstoles 1808"]
[Site "Móstoles ESP"]
[Date "2008.05.21"]
[Round "2.4"]
[White "Dolezal, Cristian"]
[Black "Vega Gomez, Francisco Borja"]
[Result "0-1"]
[WhiteElo "2436"]
[BlackElo "2150"]
[PlyCount "66"]
[EventDate "2008.05.20"]
[EventType "swiss"]
[EventRounds "1"]
[EventCountry "ESP"]
[Source "lmi"]
[SourceDate "2008.05.20"]

1. c4 Nf6 2. Nc3 d5 3. cxd5 Nxd5 4. g3 e5 5. Bg2 Nxc3 6. bxc3 Bc5 7. Rb1 Nc6 8.
Rb5 Qd6 9. Qa4 O-O 10. Rxc5 Qxc5 11. Ba3 Qb6 12. Bxf8 Kxf8 13. Qc2 Kg8 14. Nf3
h6 15. O-O Be6 16. Rb1 Qa6 17. d3 Rd8 18. Nd2 Na5 19. Qa4 Rd6 20. Qe8+ Kh7 21.
Qf8 Rb6 22. Be4+ g6 23. Rb4 Nc6 24. Bxg6+ Kxg6 25. Rh4 h5 26. Nf3 Rb1+ 27. Kg2
Bg4 28. Ng5 Kxg5 29. Qg7+ Kf5 30. Rxh5+ Bxh5 31. Qh7+ Kf6 32. Qh6+ Bg6 33. g4
Ke6 0-1

[Event "Open Bicentenario Móstoles 1808"]
[Site "Móstoles ESP"]
[Date "2008.05.21"]
[Round "2.5"]
[White "Ruiz Martin, Juan"]
[Black "Barria Zuñiga, Daniel"]
[Result "0-1"]
[WhiteElo "2100"]
[BlackElo "2426"]
[PlyCount "66"]
[EventDate "2008.05.20"]
[EventType "swiss"]
[EventRounds "1"]
[EventCountry "ESP"]
[Source "lmi"]
[SourceDate "2008.05.20"]

1. e4 e6 2. d4 d5 3. exd5 exd5 4. Be2 Nc6 5. Bf3 Bf5 6. c3 Nf6 7. Bg5 Be7 8.
Ne2 Ne4 9. Bxe7 Nxe7 10. g4 Ng5 11. Ng3 Nxf3+ 12. Qxf3 Be6 13. Nh5 O-O 14. Nd2
c5 15. Qe3 Nc6 16. Rg1 cxd4 17. cxd4 Re8 18. O-O-O Rc8 19. Kb1 Bf5+ 20. gxf5
Rxe3 21. Nxg7 Kf8 22. fxe3 Qh4 23. Rg2 Qh3 24. Rdg1 Qxe3 25. f6 Qd3+ 26. Ka1
Nxd4 27. a3 Ne2 28. Re1 Rc1+ 29. Rxc1 Nxc1 30. Rg3 Qd4 31. Rc3 Qxf6 32. Rxc1
Kxg7 33. Rg1+ Kf8 0-1

[Event "Open Bicentenario Móstoles 1808"]
[Site "Móstoles ESP"]
[Date "2008.05.21"]
[Round "2.6"]
[White "Kovacevic, Slobodan"]
[Black "Alvarez Abejon, Amilcar"]
[Result "1-0"]
[WhiteElo "2426"]
[BlackElo "2108"]
[PlyCount "49"]
[EventDate "2008.05.20"]
[EventType "swiss"]
[EventRounds "1"]
[EventCountry "ESP"]
[Source "lmi"]
[SourceDate "2008.05.20"]

1. d4 d5 2. Bf4 Nf6 3. e3 c5 4. c3 Nc6 5. Nd2 Bf5 6. Qb3 Qc8 7. dxc5 e6 8. Qa3
Be7 9. Ngf3 O-O 10. Be2 b6 11. Qa4 Nd7 12. Nb3 Bc2 13. Ba6 Nxc5 14. Bxc8 Nxa4
15. Bb7 Rac8 16. Bxc6 Bxb3 17. axb3 Nxb2 18. Bb5 Rxc3 19. O-O a5 20. Be5 Rxb3
21. Nd4 Rb4 22. Nc6 Rxb5 23. Nxe7+ Kh8 24. Rfb1 Re8 25. Bxb2 1-0

[Event "Open Bicentenario Móstoles 1808"]
[Site "Móstoles ESP"]
[Date "2008.05.21"]
[Round "2.7"]
[White "Hernandez Fernandez, Enrique"]
[Black "Pogorelov, Ruslan"]
[Result "0-1"]
[WhiteElo "2087"]
[BlackElo "2423"]
[PlyCount "122"]
[EventDate "2008.05.20"]
[EventType "swiss"]
[EventRounds "1"]
[EventCountry "ESP"]
[Source "lmi"]
[SourceDate "2008.05.20"]

1. d4 Nf6 2. Nf3 e6 3. Bf4 Be7 4. h3 c5 5. e3 cxd4 6. exd4 b6 7. Nbd2 O-O 8.
Be2 Ba6 9. O-O Bxe2 10. Qxe2 Nc6 11. c3 d5 12. Ne5 Nxe5 13. Bxe5 Qc8 14. a4 Qb7
15. Qf3 Rac8 16. Rfe1 Qc6 17. Qd3 Nd7 18. Nf3 Qb7 19. Bg3 Rc4 20. Nd2 Rc6 21.
Nf3 Rc4 22. Nd2 Rc6 23. Nf3 Rfc8 24. Re2 a6 25. Bf4 b5 26. axb5 axb5 27. Bd2 b4
28. cxb4 Bxb4 29. Bf4 Bd6 30. Bxd6 Rxd6 31. Qa3 Rb6 32. Kh2 Qb8+ 33. g3 Rb3 34.
Qe7 Rxb2 35. Ra2 Rb7 36. Qa3 h6 37. Kg2 Nb6 38. Ne1 Nc4 39. Qa6 Rb6 40. Qa4 Rb4
41. Qd1 Nd6 42. Nf3 Ne4 43. Rec2 Nc3 44. Rxc3 Rxc3 45. Qa1 Rc8 46. Ra7 Rb7 47.
Ra6 Rb1 48. Qa3 Qb5 49. g4 Rb3 50. Qd6 Rxf3 51. Kxf3 Qf1 52. Ra3 Qxh3+ 53. Qg3
Qh1+ 54. Qg2 Qd1+ 55. Kg3 Qxd4 56. Qf3 Qe5+ 57. Kh3 Qf6 58. Qg3 Rc4 59. Qb8+
Kh7 60. Rg3 Qxf2 61. Qb1+ Rc2 0-1

[Event "Open Bicentenario Móstoles 1808"]
[Site "Móstoles ESP"]
[Date "2008.05.21"]
[Round "2.8"]
[White "Lariño Nieto, David"]
[Black "Garcia Diaz, Victor Manuel"]
[Result "1-0"]
[WhiteElo "2422"]
[BlackElo "2088"]
[PlyCount "79"]
[EventDate "2008.05.20"]
[EventType "swiss"]
[EventRounds "1"]
[EventCountry "ESP"]
[Source "lmi"]
[SourceDate "2008.05.20"]

1. e4 c5 2. Nc3 a6 3. a4 e6 4. g3 b6 5. Bg2 Bb7 6. Nge2 Nc6 7. O-O d6 8. d4
cxd4 9. Nxd4 Nxd4 10. Qxd4 Ne7 11. Be3 Nc6 12. Qxb6 Qd7 13. Rfd1 Be7 14. Qb3
O-O 15. a5 Rab8 16. Bb6 Ba8 17. Qc4 Rfc8 18. Qxa6 Ne5 19. Qe2 Nc4 20. Na4 Bf6
21. Ra2 Bd8 22. Bxd8 Qxd8 23. a6 Qc7 24. b3 Ne5 25. Rb1 Nc6 26. c3 Na7 27. b4
Nb5 28. Qe3 Qc4 29. Raa1 Qc6 30. c4 Nc7 31. b5 Qe8 32. Nb6 Rd8 33. a7 Rb7 34.
Nxa8 Nxa8 35. b6 Qc6 36. e5 d5 37. c5 Rc8 38. Ra5 Nc7 39. Rba1 Na8 40. Qd4 1-0

[Event "Open Bicentenario Móstoles 1808"]
[Site "Móstoles ESP"]
[Date "2008.05.21"]
[Round "2.9"]
[White "Quintero Torres, Pedro"]
[Black "Serrano Salvador, Eduardo"]
[Result "1/2-1/2"]
[WhiteElo "2078"]
[BlackElo "2361"]
[PlyCount "116"]
[EventDate "2008.05.20"]
[EventType "swiss"]
[EventRounds "1"]
[EventCountry "ESP"]
[Source "lmi"]
[SourceDate "2008.05.20"]

1. d4 d5 2. Nf3 Nf6 3. e3 c6 4. c4 e6 5. Nc3 Nbd7 6. Bd3 Bd6 7. O-O O-O 8. e4
dxe4 9. Nxe4 Nxe4 10. Bxe4 h6 11. Be3 e5 12. dxe5 Nxe5 13. Nxe5 Bxe5 14. Qxd8
Rxd8 15. Rad1 Re8 16. b3 a5 17. Bc2 Be6 18. a4 Bg4 19. f3 Be6 20. Bb6 g5 21.
Rfe1 Bc3 22. Re2 Rac8 23. Bd4 Bxd4+ 24. Rxd4 Rcd8 25. Red2 Rxd4 26. Rxd4 Kg7
27. Kf2 Kf6 28. Rd2 Ke5 29. g3 f5 30. Re2+ Kf6 31. Rd2 Rb8 32. Ke3 Re8 33. Kf2
h5 34. h4 f4 35. Rd4 fxg3+ 36. Kxg3 Rg8 37. hxg5+ Rxg5+ 38. Kf2 Ke7 39. f4 Rg8
40. f5 Rf8 41. Rf4 Bc8 42. Ke3 Kf6 43. Rd4 Rg8 44. Rd6+ Ke5 45. Rh6 Rg3+ 46.
Kf2 Rc3 47. Bd1 Bxf5 48. Rxh5 Rh3 49. Rxh3 Bxh3 50. Ke3 Bf5 51. Kd2 Kd4 52. Bh5
Be6 53. Kc2 Ke3 54. Kc3 c5 55. Bg6 Bg4 56. Bf7 Bd7 57. Bd5 Bc6 58. Bf7 Ke2
1/2-1/2

[Event "Open Bicentenario Móstoles 1808"]
[Site "Móstoles ESP"]
[Date "2008.05.21"]
[Round "2.10"]
[White "Ballesteros Gonzalez, David"]
[Black "Vazquez Gonzalez, Jesus"]
[Result "0-1"]
[WhiteElo "2303"]
[BlackElo "2079"]
[PlyCount "88"]
[EventDate "2008.05.20"]
[EventType "swiss"]
[EventRounds "1"]
[EventCountry "ESP"]
[Source "lmi"]
[SourceDate "2008.05.20"]

1. Nf3 Nf6 2. c4 d5 3. d4 dxc4 4. Nc3 c6 5. a4 Qa5 6. Bd2 Be6 7. e4 h6 8. Qc2
Nbd7 9. Be2 g6 10. d5 cxd5 11. Nxd5 Qc5 12. Bb4 Qc8 13. Nf4 Bg4 14. Bxc4 Bxf3
15. gxf3 e6 16. Bxf8 Kxf8 17. Qb3 Qc7 18. Nd3 Kg7 19. Rc1 Qb6 20. Qxb6 Nxb6 21.
Bb3 Rac8 22. Ke2 Rxc1 23. Nxc1 Nbd7 24. Nd3 Rc8 25. Rd1 Nc5 26. Rc1 Nfd7 27. a5
Rc6 28. Rc3 Nxd3 29. Rxd3 Nc5 30. Rc3 Nxb3 31. Rxb3 b6 32. axb6 axb6 33. e5 g5
34. Ke3 Kg6 35. Ke4 Rc2 36. Ke3 Rc6 37. f4 g4 38. Rc3 Rxc3+ 39. bxc3 Kf5 40. c4
h5 41. f3 h4 42. fxg4+ Kxg4 43. h3+ Kxh3 44. Kf3 Kh2 0-1

[Event "Open Bicentenario Móstoles 1808"]
[Site "Móstoles ESP"]
[Date "2008.05.21"]
[Round "2.13"]
[White "Cabañas Jimenez, Manuel"]
[Black "Estrada Martinez, Cesar"]
[Result "1/2-1/2"]
[WhiteElo "2032"]
[BlackElo "2253"]
[PlyCount "118"]
[EventDate "2008.05.20"]
[EventType "swiss"]
[EventRounds "1"]
[EventCountry "ESP"]
[Source "lmi"]
[SourceDate "2008.05.20"]

1. e4 c5 2. Nf3 g6 3. d4 cxd4 4. Qxd4 Nf6 5. Nc3 Nc6 6. Qa4 d6 7. e5 dxe5 8.
Nxe5 Qd4 9. Qxd4 Nxd4 10. Bd3 Bg7 11. Be3 Nc6 12. Bb5 Bd7 13. Nxd7 Nxd7 14. O-O
O-O 15. Rfd1 Rfd8 16. Rd2 Nde5 17. Rad1 a6 18. Bxc6 Rxd2 19. Rxd2 bxc6 20. Nd1
Nc4 21. Rd7 Nxe3 22. fxe3 e6 23. Kf2 Be5 24. h3 Kf8 25. b3 c5 26. Ke2 a5 27.
Nf2 Ke8 28. Rb7 a4 29. Ne4 axb3 30. axb3 Rc8 31. Kd3 c4+ 32. bxc4 Rd8+ 33. Ke2
Rc8 34. Rb5 Bc7 35. c5 h6 36. Kd3 f5 37. Nd6+ Bxd6 38. cxd6 Rc6 39. Rb8+ Kd7
40. Rb7+ Kxd6 41. Rg7 g5 42. Rg6 Ke5 43. Rxh6 Rd6+ 44. Ke2 Rc6 45. Kf3 Rxc2 46.
Rg6 Rc1 47. Rxg5 Rf1+ 48. Ke2 Ra1 49. Rg6 Kd5 50. h4 e5 51. h5 Rh1 52. h6 Ke4
53. Kf2 f4 54. exf4 exf4 55. Ra6 Kf5 56. Kf3 Rf1+ 57. Ke2 Rh1 58. Kf2 Kg5 59.
Kf3 Rf1+ 1/2-1/2

[Event "Open Bicentenario Móstoles 1808"]
[Site "Móstoles ESP"]
[Date "2008.05.21"]
[Round "2.14"]
[White "De la Fuente Gonzalez, Francisco"]
[Black "Arauz Alonso, Fernando"]
[Result "1-0"]
[WhiteElo "2244"]
[BlackElo "2051"]
[PlyCount "133"]
[EventDate "2008.05.20"]
[EventType "swiss"]
[EventRounds "1"]
[EventCountry "ESP"]
[Source "lmi"]
[SourceDate "2008.05.20"]

1. c4 c5 2. Nc3 g6 3. g3 Bg7 4. Bg2 Nc6 5. Nf3 e6 6. O-O Nge7 7. d3 O-O 8. Bf4
d5 9. Qc1 b6 10. cxd5 Nxd5 11. Bh6 Bb7 12. Bxg7 Kxg7 13. Nxd5 exd5 14. Qf4 Qf6
15. Qxf6+ Kxf6 16. e3 Rfe8 17. Rfd1 Rac8 18. d4 cxd4 19. Nxd4 Nxd4 20. Rxd4 Rc2
21. b3 Rec8 22. Bxd5 Rc1+ 23. Rxc1 Rxc1+ 24. Kg2 Bxd5+ 25. Rxd5 Rc2 26. a4 Rc3
27. Rb5 Ke6 28. a5 bxa5 29. Rxa5 Rxb3 30. Rxa7 h5 31. h4 Rb6 32. Kf3 Rc6 33.
Kf4 Rb6 34. e4 Kf6 35. f3 Ke6 36. g4 Rb5 37. Ra6+ Ke7 38. Ra8 Ke6 39. Rd8 hxg4
40. fxg4 Rb1 41. h5 gxh5 42. gxh5 Rf1+ 43. Kg3 Rg1+ 44. Kf2 Rh1 45. Rd5 Rh3 46.
Rf5 Rh4 47. Ke3 Rh3+ 48. Kd4 Rh1 49. Ra5 Rd1+ 50. Ke3 Re1+ 51. Kf4 Rf1+ 52. Kg5
Rg1+ 53. Kh6 Rg4 54. Rg5 Rh4 55. Kg7 f6 56. Ra5 Rg4+ 57. Kf8 Rxe4 58. Ra6+ Ke5
59. Ra5+ Ke6 60. h6 Rh4 61. Ra6+ Ke5 62. Kg7 Rf4 63. h7 Rg4+ 64. Kf7 Rh4 65.
Kg6 f5 66. Ra8 Kf4 67. Ra4+ 1-0

[Event "Open Bicentenario Móstoles 1808"]
[Site "Móstoles ESP"]
[Date "2008.05.21"]
[Round "2.15"]
[White "Lopez Heras, Arturo"]
[Black "Martinez Tormo, Jorge"]
[Result "1/2-1/2"]
[WhiteElo "2014"]
[BlackElo "2219"]
[PlyCount "55"]
[EventDate "2008.05.20"]
[EventType "swiss"]
[EventRounds "1"]
[EventCountry "ESP"]
[Source "lmi"]
[SourceDate "2008.05.20"]

1. e4 d5 2. e5 c5 3. c3 Bf5 4. d4 Nc6 5. Nf3 e6 6. a3 Qb6 7. Bd3 Be4 8. Bxe4
dxe4 9. Ng5 cxd4 10. Nxe4 dxc3 11. Nbxc3 Nxe5 12. O-O Be7 13. Re1 Nf6 14. Nxf6+
Bxf6 15. Bf4 Rd8 16. Qa4+ Nc6 17. Nb5 e5 18. Be3 Qa5 19. Qxa5 Nxa5 20. Bxa7 Nb3
21. Rad1 O-O 22. Bb6 Rxd1 23. Rxd1 Rc8 24. Nc3 Nd4 25. Kf1 Rc6 26. Nd5 Ne6 27.
Nxf6+ gxf6 28. Ba5 1/2-1/2

[Event "Open Bicentenario Móstoles 1808"]
[Site "Móstoles ESP"]
[Date "2008.05.21"]
[Round "2.17"]
[White "Lopez Andujar Ocana, Antonio"]
[Black "Hernandez Navas, Francisco Javier"]
[Result "1/2-1/2"]
[WhiteElo "2167"]
[BlackElo "2037"]
[PlyCount "57"]
[EventDate "2008.05.20"]
[EventType "swiss"]
[EventRounds "1"]
[EventCountry "ESP"]
[Source "lmi"]
[SourceDate "2008.05.20"]

1. e4 e6 2. d4 d5 3. Nd2 dxe4 4. Nxe4 b6 5. Nf3 Bb7 6. Bd3 Be7 7. O-O Nf6 8.
Ng3 Nbd7 9. c3 O-O 10. Qe2 c5 11. Re1 Bxf3 12. Qxf3 cxd4 13. cxd4 Nd5 14. Bd2
N7f6 15. a3 Rc8 16. h3 Qd7 17. Nf1 Rfd8 18. Rad1 g6 19. Ne3 Qa4 20. Nxd5 Nxd5
21. Be4 Kg7 22. Bc1 Rc7 23. h4 Bxh4 24. Bxd5 Rxd5 25. Bh6+ Kg8 26. Qf4 Bd8 27.
Rd3 Qd7 28. Rde3 Rf5 29. Qxf5 1/2-1/2

[Event "Open Bicentenario Móstoles 1808"]
[Site "Móstoles ESP"]
[Date "2008.05.21"]
[Round "2.20"]
[White "Alcaraz Amoros, Antonio"]
[Black "Martos De La Vega, Alvaro"]
[Result "1-0"]
[WhiteElo "2123"]
[BlackElo "1858"]
[PlyCount "46"]
[EventDate "2008.05.20"]
[EventType "swiss"]
[EventRounds "1"]
[EventCountry "ESP"]
[Source "lmi"]
[SourceDate "2008.05.20"]

1. c4 Nf6 2. Nc3 g6 3. g3 Bg7 4. Bg2 O-O 5. e4 d6 6. Nge2 Nc6 7. O-O e5 8. d3
Nh5 9. Nd5 Ne7 10. Nec3 c6 11. Ne3 h6 12. Rb1 Qe8 13. b4 f5 14. exf5 gxf5 15.
Bf3 Nf6 16. Bb2 f4 17. Ng2 Bh3 18. Re1 Nf5 19. Nxf4 Bf1 20. Kxf1 Nd4 21. Bg2
Qf7 22. Nh3 h5 23. Ne4 Ng4 1-0

[Event "Open Bicentenario Móstoles 1808"]
[Site "Móstoles ESP"]
[Date "2008.05.21"]
[Round "2.21"]
[White "De los Rios Camacho, Juan Antonio"]
[Black "Toranzo Fernandez, Dionisio"]
[Result "0-1"]
[WhiteElo "1739"]
[BlackElo "2011"]
[PlyCount "142"]
[EventDate "2008.05.20"]
[EventType "swiss"]
[EventRounds "1"]
[EventCountry "ESP"]
[Source "lmi"]
[SourceDate "2008.05.20"]

1. e4 c5 2. Nf3 e6 3. d4 cxd4 4. Nxd4 Nc6 5. Nc3 Qc7 6. f4 Nxd4 7. Qxd4 a6 8.
Be3 b5 9. a3 Bb7 10. Qb6 Qxb6 11. Bxb6 Nf6 12. Bd3 b4 13. axb4 Bxb4 14. Ba5
Bxc3+ 15. Bxc3 Nxe4 16. Bb4 f5 17. O-O Kf7 18. Ra5 Rhc8 19. Re1 Nf6 20. Rea1
Be4 21. Bxe4 Nxe4 22. Rc1 d5 23. Ra3 Rc6 24. Kf1 Rb8 25. Bc3 Nxc3 26. bxc3 Rbc8
27. h3 Rxc3 28. Rxa6 Rxc2 29. Ra7+ Kf6 30. Re1 Rc1 31. Ra6 Rxe1+ 32. Kxe1 Rc2
33. Kf1 h6 34. h4 g6 35. Ra8 Rc6 36. Rf8+ Kg7 37. Ra8 Rd6 38. Ke2 Rd7 39. Kd3
Rb7 40. Kc3 Rb1 41. Kd4 Re1 42. g3 Kf6 43. Rf8+ Kg7 44. Ra8 h5 45. Rb8 Re4+ 46.
Kd3 Ra4 47. Ke2 Ra3 48. Kf2 d4 49. Rd8 d3 50. Rd7+ Kf6 51. Rd4 Ke7 52. Kf1 e5
53. fxe5 Ke6 54. Rd6+ Kxe5 55. Rxg6 Ke4 56. Re6+ Kf3 57. Ke1 Kxg3 58. Rg6+ Kxh4
59. Kd2 f4 60. Rg1 Kh3 61. Rg8 h4 62. Rg1 Rb3 63. Rg8 Kh2 64. Rg4 f3 65. Rxh4+
Kg3 66. Rh8 Kf2 67. Rg8 Kf1 68. Rg7 f2 69. Rg8 Rb7 70. Kxd3 Re7 71. Rg5 Ke1 0-1

[Event "Open Bicentenario Móstoles 1808"]
[Site "Móstoles ESP"]
[Date "2008.05.21"]
[Round "2.22"]
[White "Garcia Lopez, Fernando"]
[Black "Sanchez Alvarez, Jorge"]
[Result "1/2-1/2"]
[WhiteElo "1798"]
[BlackElo "2038"]
[PlyCount "85"]
[EventDate "2008.05.20"]
[EventType "swiss"]
[EventRounds "1"]
[EventCountry "ESP"]
[Source "lmi"]
[SourceDate "2008.05.20"]

1. e4 e5 2. Nf3 Nf6 3. Nxe5 d6 4. Nf3 Nxe4 5. Nc3 Nxc3 6. dxc3 Be7 7. Be3 Bg4
8. h3 Bh5 9. g4 Bg6 10. Bd3 Nc6 11. Nd4 Nxd4 12. Bxd4 O-O 13. Qd2 Bg5 14. Be3
Bxe3 15. fxe3 Qh4+ 16. Qf2 Qxf2+ 17. Kxf2 f5 18. Kg3 Rae8 19. Rae1 Re5 20. Rhf1
Rf6 21. Rf4 fxg4 22. hxg4 Rxf4 23. Kxf4 Bf7 24. Rh1 h5 25. gxh5 Bxh5 26. Rg1
Kf7 27. Rg5 Kf6 28. Rxe5 dxe5+ 29. Kg3 g5 30. c4 c5 31. c3 Be8 32. Bc2 Bd7 33.
b4 b6 34. b5 Be6 35. Bd3 Bf5 36. e4 Be6 37. a3 Kg6 38. Be2 Kh6 39. Bd3 Kh5 40.
Be2+ g4 41. Bd3 Kg5 42. Be2 Bd7 43. Bd1 1/2-1/2

[Event "Open Bicentenario Móstoles 1808"]
[Site "Móstoles ESP"]
[Date "2008.05.21"]
[Round "2.23"]
[White "Laurentiu, Burlacu"]
[Black "Aguado Garcia, Pablo"]
[Result "0-1"]
[WhiteElo "2037"]
[BlackElo "1798"]
[PlyCount "100"]
[EventDate "2008.05.20"]
[EventType "swiss"]
[EventRounds "1"]
[EventCountry "ESP"]
[Source "lmi"]
[SourceDate "2008.05.20"]

1. e4 e5 2. Nf3 Nc6 3. Bb5 f5 4. Nc3 fxe4 5. Nxe4 d5 6. Ng3 Bg4 7. h3 Bxf3 8.
Qxf3 Nf6 9. O-O Bd6 10. Nh5 O-O 11. Nxf6+ Rxf6 12. Qxd5+ Kh8 13. Bxc6 bxc6 14.
Qxc6 Rg6 15. d3 Rb8 16. Qe4 Qd7 17. Kh1 Rf8 18. Be3 c6 19. c4 Rf5 20. c5 Bc7
21. f4 exf4 22. Bxf4 Rgf6 23. Qxf5 Qxf5 24. Bxc7 Qxf1+ 25. Rxf1 Rxf1+ 26. Kh2
Rd1 27. Ba5 Rxd3 28. a3 Kg8 29. h4 Kf7 30. g3 Ke6 31. Kh3 h5 32. Bc3 g6 33. a4
Kd5 34. Be1 a6 35. b4 Rd1 36. Bf2 Kc4 37. b5 axb5 38. axb5 Kxb5 39. Kg2 Rd2 40.
Kf3 Rxf2+ 41. Kxf2 Kxc5 42. g4 Kd4 43. Kf3 c5 44. gxh5 gxh5 45. Kf4 c4 46. Kg5
c3 47. Kxh5 c2 48. Kg6 c1=Q 49. h5 Qc8 50. Kg7 Qg4+ 0-1